Hong Kong 1986 by - Census Graphic Guide

Na minha lista:
Detalhes bibliográficos
Formato: Livro
Idioma:inglês
Publicado em: Hong Kong Census and Statistics Department 1986
Edição:1. ed.
Tags: Adicionar Tag
Sem tags, seja o primeiro a adicionar uma tag!

MARC

LEADER 00000nam a2200000 4500
001 c033121
005 20221220073803.9
041 0 |a eng 
044 |a GB 
245 1 0 |a Hong Kong 1986 by - Census  |b Graphic Guide 
250 |a 1. ed. 
264 1 |a Hong Kong  |b Census and Statistics Department  |c 1986 
300 |a 24 s.